000 00263nam a22001097a 4500
082 _a823
100 _aKRAMER, JANIE
245 _aTHE BABY BORN IN A STABLE
246 _aTHE BABY BORN IN A STABLE
_bTHE BABY BORN IN A STABLE
650 _aENGLISH STORY
942 _cBK
999 _c8834
_d8834